000 00307nam a22001337a 4500
008 170823b xxu||||| |||| 00| 0 eng d
020 _a0387904190
041 _aeng
080 _a51
100 _a38
101 _aMAT
245 _aDIFFERENTIAL ANALYSIS ON COMPLEX MANIFOLDS
_cWELLS,R.O
942 _2udc
_cBK
999 _c24651
_d24651